Building Blockchain Apps/ (Record no. 175612)

MARC details
000 -LEADER
fixed length control field 00646nam a22001937a 4500
005 - DATE AND TIME OF LATEST TRANSACTION
control field 20200910162436.0
010 ## - LCCN (DPL NO)
LC control number ENG-128408
020 ## - INTERNATIONAL STANDARD BOOK NUMBER
Terms of availability 539.00
International Standard Book Number 9789390168385
035 ## - SYSTEM CONTROL NUMBER
System control number EN-111940
037 ## - SOURCE OF ACQUISITION
Source of stock number/acquisition DBAD/PUB
082 ## - DEWEY DECIMAL CLASSIFICATION NUMBER
Classification number 005.1
100 ## - MAIN ENTRY--PERSONAL NAME
Personal name Yuan, Michael Juntao
245 ## - TITLE STATEMENT
Title Building Blockchain Apps/
Statement of responsibility, etc by Michael Juntao Yuan
260 ## - PUBLICATION, DISTRIBUTION, ETC. (IMPRINT)
Place of publication, distribution, etc Noida
Name of publisher, distributor, etc Pearson
Date of publication, distribution, etc 2020
270 ## - ADDRESS
Address 15th floor,Tower-B,Word Trade Tower,Plot no.1,Block-C sec 16,
City Noida
Postal code 201301
Telephone number 04466540100
Electronic mail address companysecretary.india@pearson.com
300 ## - PHYSICAL DESCRIPTION
Extent xviii;307p.
Dimensions 23cm(pbk)
Other physical details Pictorials
500 ## - GENERAL NOTE
General note includes Index
942 ## - ADDED ENTRY ELEMENTS (KOHA)
Source of classification or shelving scheme Dewey Decimal Classification
Item type English Books
Classification part 005.1
Call number suffix YUA
Holdings
Withdrawn status Lost status Not for loan Collection code Home library Current library Date acquired Source of acquisition Cost, normal purchase price Full call number Barcode Cost, replacement price Koha item type
      Non-fiction Ashok Vihar Ashok Vihar 10/09/2020 DBAD/PUB 539.00 005.1 YUA EN-111940 539.00 English Books

© Delhi Public Library
Hit Counter
free hit counter